Communalisation of Education and History (Record no. 13874)

MARC details
000 -LEADER
fixed length control field 00535nam a2200217 a 4500
020 ## - INTERNATIONAL STANDARD BOOK NUMBER
ISBN
082 00 - DEWEY DECIMAL CLASSIFICATION NUMBER
Classification number 305.245408
Author Cutter RAZ
100 ## - MAIN ENTRY--AUTHOR NAME
Author name Raza, Gauhar
245 ## - TITLE STATEMENT
Title Communalisation of Education and History
260 ## - PUBLICATION, DISTRIBUTION, ETC. (IMPRINT)
Place of publication Georgia
Name of publisher Gabriel Publications
Year of publication 2000
300 ## - PHYSICAL DESCRIPTION
Number of Pages 00p
500 ## - GENERAL NOTE
General note includes index and biblioraphy
942 ## - ADDED ENTRY ELEMENTS (KOHA)
Koha item type
700 1# -
-- Raza, Gauhar
Holdings
Home library Current library Date acquired Cost, normal purchase price Full call number Accession Number Koha item type
Henry Martyn Institute Library Henry Martyn Institute Library 04/25/2011 100.00 305.245408 RAZ 021409 Visual Materials
                   Copyright © 2026 | Henry Martyn Institute | Hyderabad | TS-500052 | INDIA | Implemented by hmi.edu.in
Hit-Count:

Powered by Koha